| 000 | 01882nam a22002775i 4500 | ||
|---|---|---|---|
| 001 | 153801 | ||
| 003 | ES-MaACL | ||
| 005 | 20250827062634.0 | ||
| 008 | 990505s1839 sp |||| | spa d | ||
| 040 |
_aM-RACM _bspa _cM-RACM _dCCPB | B |
||
| 110 | 1 |
_aEspaña _93622 |
|
| 240 | 1 | 0 | _aLeyes, etc. |
| 245 | 1 | 0 | _aProntuario jurídico o Compilación de leyes, decretos, reglamentos y circulares vigentes espedidos y restablecidos para la administración de justicia. |
| 260 |
_aMadrid : _bLibrería de Rios, _c1839 ( _fImprenta de D. Ramón Verges) |
||
| 300 |
_av. ; _c16 cm. |
||
| 505 | 8 | _aContiene: t. 1. Desde Enero de 1834 hasta 5 de Junio de 1839 (LVI, 387 p.) -- t. 2. Suplemento al prontuario en el que se contienen las disposiciones legales no incluidas en el prontuario que abraza desde 1.º de enero de 1834 hasta 5 de junio de 1839, y además todas las espedidas y restablecidas desde esta última fecha hasta fin de diciembre de 1840 (499 p.) -- t. 3. Las disposiciones legales espedidas desde 1.º de enero de 1841, hasta 9 de julio de 1842. Y además un índice cronológico de aquellas que han sido restablecidas y se contienen en los tomos 1.º y 2º de esta compilacion ( 291 p.) -- t. 4. Apendice a los tomos anteriores, y además todas las disposiciones legales publicadas y restablecidas desdee 9 de julio de 1842 hasta fin de diciembre de 1843 (XVI, 304 p.) | |
| 594 | 1 | _aSegún Palau el compilador fue Fermín Verlanga Huerta. | |
| 596 | 1 | _aLos t. 2-4 fueron impresos en la Imp. de Yenes. | |
| 597 | 1 | _aPort. con grab. | |
| 651 | 0 |
_aEspaña- _xLegislación- _yS. XIX _9222256 |
|
| 700 | 1 |
_aVerlanga Huerta, Fermín, _ecomp. _9114143 |
|
| 740 | 0 | _aCompilación de leyes, decretos, reglamentos y circulares vigentes ... | |
| 752 |
_aEspaña - _dMadrid |
||
| 852 |
_aES-MaACL _jD-315-318 _z-- Enc. pasta española |
||
| 999 |
_c153801 _d153801 |
||